000 00629nam a2200181Ia 4500
008 100920s9999 xx 000 0 und d
082 _b95752
_a891.43 न 05
100 _aमाथुर बीरेन्द्रप्रसाद.
245 _aदास्ताने काबुल.
260 _bइंडियन बुक बैक,नई दिल्ली.
_c2005
300 _a130
_bसाधी
365 _b100
520 _aहिंदी.
630 _aदास्ताने काबुल.
650 _aहिंदी.
730 _aदास्ताने काबुल.
942 _cBOOK
999 _c736192
_d736189